书目信息 |
| 题名: |
戊戌变法史
|
|
| 作者: | 汤志钧 著 | |
| 分册: | ||
| 出版信息: | 北京 人民出版社 1984.11 |
|
| 页数: | 545页 | |
| 开本: | 19cm | |
| 丛书名: | 中国近代史研究丛书 | |
| 单 册: | ||
| 中图分类: | K256.5 | |
| 科图分类: | ||
| 主题词: | 中国--历史--1840~1949 | |
| 电子资源: | ||
| ISBN: | ||
| 000 | 00656nam0 2200241 45 | |
| 001 | 0184013098 | |
| 005 | 20060516083141.98 | |
| 010 | @dCNY2.50 | |
| 091 | @a11001.611 | |
| 100 | @a19950616d1984 em y0chiy0121 ea | |
| 101 | 0 | @achi |
| 102 | @aCN@b110000 | |
| 105 | @ay z 000yy | |
| 200 | 10 | @a戊戌变法史@Awu xu bian fa shi@f汤志钧著@Ftang zhi jun zhu |
| 210 | @a北京@c人民出版社@d1984.11 | |
| 215 | @a545页@d19cm | |
| 225 | 2 | @a中国近代史研究丛书 |
| 410 | 0 | @120010@a中国近代史研究丛书 |
| 606 | 0 | @a中国@x历史@z1840~1949 |
| 690 | @aK256.5@v3 | |
| 701 | 0 | @a汤志钧@Atang zhi jun@4著 |
| 801 | @aCN@bTSTC@c20060516 | |
| 905 | @dK256.5@e12 | |
| 戊戌变法史/汤志钧著.-北京:人民出版社,1984.11 |
| 545页;19cm.-(中国近代史研究丛书) |
| ISBN :CNY2.50 |
| ● |
| 相关链接 |
|
|
|
|
正题名:戊戌变法史
索取号:K256.5/12
 
预约/预借
| 序号 | 登录号 | 条形码 | 馆藏地/架位号 | 状态 | 备注 |
| 1 | 0130891 | 001599185 | 密集书库/ [索取号:K256.5/12] | 在馆 | |
| 2 | 0130892 | 001599194 | 密集书库/ [索取号:K256.5/12] | 在馆 | |
| 3 | 0130893 | 001284782 | 第二借阅区/ [索取号:K256.5/12] | 在馆 | |
| 4 | 0130894 | 001599201 | 密集书库/ [索取号:K256.5/12] | 在馆 | |
| 5 | 0130895 | 001284620 | 第二借阅区/ [索取号:K256.5/12] | 在馆 | |
| 6 | 0130896 | 001284675 | 第二借阅区/ [索取号:K256.5/12] | 在馆 | |
| 7 | 0130897 | 001284611 | 第二借阅区/ [索取号:K256.5/12] | 在馆 | |
| 8 | 0130898 | 202352113 | 密集书库/ [索取号:K256.5/12] | 在馆 | |
| 9 | 0130899 | 001284684 | 第二借阅区/ [索取号:K256.5/12] | 在馆 | |
| 10 | 0130900 | 001284639 | 第二样本阅览室/ [索取号:K256.5/12] | 在馆 | |
| 11 | 0251840 | 001284826 | 第二借阅区/ [索取号:K256.5/12] | 在馆 | |
| 12 | 0251841 | 001284835 | 第二借阅区/ [索取号:K256.5/12] | 在馆 | |
| 13 | 0251842 | 001284844 | 第二借阅区/ [索取号:K256.5/12] | 在馆 | |
| 14 | 0251843 | 001284773 | 第二借阅区/ [索取号:K256.5/12] | 在馆 | |
| 15 | 0251844 | 001284648 | 第二借阅区/ [索取号:K256.5/12] | 在馆 |